00523nam a2200193 a 4500001001300000003000900013005001700022008004100039020002300080082001600103100002300119245005100142260005000193300000900243500003500252505001000287650000900297700002300306nice12345678IN_TiNIC20260116013059.0050524s1985 cama grp 000 0 eng  a052186X c16000a297.35bKOZ aKozlowski, Gregory aMuslim Endowments and Society in British India aCambridge bCambridge University Press c1985 a211p aincludes index and biblioraphy2 aIndex aWaqf1 aKozlowski, Gregory